<?xml version="1.0" encoding="UTF-8"?>
<record
    xmlns:xsi="http://www.w3.org/2001/XMLSchema-instance"
    xsi:schemaLocation="http://www.loc.gov/MARC21/slim http://www.loc.gov/standards/marcxml/schema/MARC21slim.xsd"
    xmlns="http://www.loc.gov/MARC21/slim">

  <leader>00723nam a22001577a 4500</leader>
  <controlfield tag="003">OSt</controlfield>
  <controlfield tag="005">20151130090158.0</controlfield>
  <controlfield tag="008">151130b        xxu||||| |||| 00| 0 eng d</controlfield>
  <datafield tag="040" ind1=" " ind2=" ">
    <subfield code="c">RUA</subfield>
  </datafield>
  <datafield tag="082" ind1=" " ind2=" ">
    <subfield code="a">FIS SAY 1997 B165 Or.1</subfield>
  </datafield>
  <datafield tag="100" ind1=" " ind2=" ">
    <subfield code="9">3989</subfield>
    <subfield code="a">SAY, DARA.</subfield>
  </datafield>
  <datafield tag="245" ind1=" " ind2=" ">
    <subfield code="a">Assessment of potential of small scale aquaculture in preah sdach district prey veng province, &#x1780;&#x17B6;&#x179A;&#x179C;&#x17B6;&#x1799;&#x178F;&#x17C6;&#x179B;&#x17C3;&#x1791;&#x17C5;&#x179B;&#x17BE;&#x179F;&#x1780;&#x17D2;&#x178A;&#x17B6;&#x1793;&#x17BB;&#x1796;&#x179B;&#x1797;&#x17B6;&#x1796;&#x1793;&#x17C3;&#x179C;&#x17B7;&#x179F;&#x17D0;&#x1799;&#x179C;&#x17B6;&#x179A;&#x17B8;&#x179C;&#x1794;&#x17D2;&#x1794;&#x1780;&#x1798;&#x17D2;&#x1798;&#x1787;&#x17B6;&#x179B;&#x1780;&#x17D2;&#x1781;&#x178E;&#x17C8;&#x1782;&#x17D2;&#x179A;&#x17BD;&#x179F;&#x17B6;&#x179A;&#x1780;&#x17D2;&#x1793;&#x1784;&#x179F;&#x17D2;&#x179A;&#x17BB;&#x1780;&#x1796;&#x17D2;&#x179A;&#x17C7;&#x179F;&#x17D2;&#x178A;&#x17C1;&#x1785; &#x1781;&#x17C1;&#x178F;&#x17D2;&#x178F;&#x1796;&#x17D2;&#x179A;&#x17C3;&#x179C;&#x17C2;&#x1784;</subfield>
  </datafield>
  <datafield tag="260" ind1=" " ind2=" ">
    <subfield code="a">Phnom Penh</subfield>
    <subfield code="b">RUA</subfield>
    <subfield code="c">1997</subfield>
  </datafield>
  <datafield tag="300" ind1=" " ind2=" ">
    <subfield code="a">59p.</subfield>
    <subfield code="b">ill.</subfield>
    <subfield code="c">29cm.</subfield>
  </datafield>
  <datafield tag="942" ind1=" " ind2=" ">
    <subfield code="2">ddc</subfield>
    <subfield code="c">FIS</subfield>
  </datafield>
  <datafield tag="999" ind1=" " ind2=" ">
    <subfield code="c">3709</subfield>
    <subfield code="d">3709</subfield>
  </datafield>
  <datafield tag="952" ind1=" " ind2=" ">
    <subfield code="0">0</subfield>
    <subfield code="1">0</subfield>
    <subfield code="2">ddc</subfield>
    <subfield code="4">0</subfield>
    <subfield code="6">FIS_SAY_1997_000000000000000_B165_OR_1</subfield>
    <subfield code="7">0</subfield>
    <subfield code="9">18477</subfield>
    <subfield code="a">LBB</subfield>
    <subfield code="b">LBB</subfield>
    <subfield code="c">B165</subfield>
    <subfield code="d">2015-11-30</subfield>
    <subfield code="o">FIS SAY 1997 B165 Or.1</subfield>
    <subfield code="p">RUA020440</subfield>
    <subfield code="r">2015-11-30</subfield>
    <subfield code="w">2015-11-30</subfield>
    <subfield code="y">FIS</subfield>
  </datafield>
  <datafield tag="952" ind1=" " ind2=" ">
    <subfield code="0">0</subfield>
    <subfield code="1">0</subfield>
    <subfield code="2">ddc</subfield>
    <subfield code="4">0</subfield>
    <subfield code="6">FIS_SAY_1997_000000000000000_B165_OR_2</subfield>
    <subfield code="7">0</subfield>
    <subfield code="9">18478</subfield>
    <subfield code="a">LBB</subfield>
    <subfield code="b">LBB</subfield>
    <subfield code="c">B165</subfield>
    <subfield code="d">2015-11-30</subfield>
    <subfield code="o">FIS SAY 1997 B165 Or.2</subfield>
    <subfield code="p">RUA011589</subfield>
    <subfield code="r">2015-11-30</subfield>
    <subfield code="w">2015-11-30</subfield>
    <subfield code="y">FIS</subfield>
  </datafield>
  <datafield tag="952" ind1=" " ind2=" ">
    <subfield code="0">0</subfield>
    <subfield code="1">0</subfield>
    <subfield code="2">ddc</subfield>
    <subfield code="4">0</subfield>
    <subfield code="6">FIS_SAY_1997_000000000000000_B165_OR_3</subfield>
    <subfield code="7">0</subfield>
    <subfield code="9">18479</subfield>
    <subfield code="a">LBB</subfield>
    <subfield code="b">LBB</subfield>
    <subfield code="c">B165</subfield>
    <subfield code="d">2015-11-30</subfield>
    <subfield code="o">FIS SAY 1997 B165 Or.3</subfield>
    <subfield code="p">RUA011590</subfield>
    <subfield code="r">2015-11-30</subfield>
    <subfield code="w">2015-11-30</subfield>
    <subfield code="y">FIS</subfield>
  </datafield>
  <datafield tag="952" ind1=" " ind2=" ">
    <subfield code="0">0</subfield>
    <subfield code="1">0</subfield>
    <subfield code="2">ddc</subfield>
    <subfield code="4">0</subfield>
    <subfield code="6">FIS_SAY_1997_000000000000000_B165_OR_4</subfield>
    <subfield code="7">0</subfield>
    <subfield code="9">18480</subfield>
    <subfield code="a">LBB</subfield>
    <subfield code="b">LBB</subfield>
    <subfield code="c">B165</subfield>
    <subfield code="d">2015-11-30</subfield>
    <subfield code="o">FIS SAY 1997 B165 Or.4</subfield>
    <subfield code="p">RUA011517</subfield>
    <subfield code="r">2015-11-30</subfield>
    <subfield code="w">2015-11-30</subfield>
    <subfield code="y">FIS</subfield>
  </datafield>
  <datafield tag="952" ind1=" " ind2=" ">
    <subfield code="0">0</subfield>
    <subfield code="1">0</subfield>
    <subfield code="2">ddc</subfield>
    <subfield code="4">0</subfield>
    <subfield code="6">FIS_SAY_1997_000000000000000_B165_OR_5</subfield>
    <subfield code="7">0</subfield>
    <subfield code="9">18481</subfield>
    <subfield code="a">LBB</subfield>
    <subfield code="b">LBB</subfield>
    <subfield code="c">B165</subfield>
    <subfield code="d">2015-11-30</subfield>
    <subfield code="o">FIS SAY 1997 B165 Or.5</subfield>
    <subfield code="p">RUA011651</subfield>
    <subfield code="r">2015-11-30</subfield>
    <subfield code="w">2015-11-30</subfield>
    <subfield code="y">FIS</subfield>
  </datafield>
  <datafield tag="952" ind1=" " ind2=" ">
    <subfield code="0">0</subfield>
    <subfield code="1">0</subfield>
    <subfield code="2">ddc</subfield>
    <subfield code="4">0</subfield>
    <subfield code="6">FIS_SAY_1997_000000000000000_B165_OR_6</subfield>
    <subfield code="7">0</subfield>
    <subfield code="9">18482</subfield>
    <subfield code="a">LBB</subfield>
    <subfield code="b">LBB</subfield>
    <subfield code="c">B165</subfield>
    <subfield code="d">2015-11-30</subfield>
    <subfield code="o">FIS SAY 1997 B165 Or.6</subfield>
    <subfield code="p">RUA011795</subfield>
    <subfield code="r">2015-11-30</subfield>
    <subfield code="w">2015-11-30</subfield>
    <subfield code="y">FIS</subfield>
  </datafield>
  <datafield tag="952" ind1=" " ind2=" ">
    <subfield code="0">0</subfield>
    <subfield code="1">0</subfield>
    <subfield code="2">ddc</subfield>
    <subfield code="4">0</subfield>
    <subfield code="6">FIS_SAY_1997_000000000000000_B165_OR_7</subfield>
    <subfield code="7">0</subfield>
    <subfield code="9">18483</subfield>
    <subfield code="a">LBB</subfield>
    <subfield code="b">LBB</subfield>
    <subfield code="c">B165</subfield>
    <subfield code="d">2015-11-30</subfield>
    <subfield code="o">FIS SAY 1997 B165 Or.7</subfield>
    <subfield code="p">RUA011581</subfield>
    <subfield code="r">2015-11-30</subfield>
    <subfield code="w">2015-11-30</subfield>
    <subfield code="y">FIS</subfield>
  </datafield>
  <datafield tag="952" ind1=" " ind2=" ">
    <subfield code="0">0</subfield>
    <subfield code="1">0</subfield>
    <subfield code="2">ddc</subfield>
    <subfield code="4">0</subfield>
    <subfield code="6">FIS_SAY_1997_000000000000000_B165_OR_8</subfield>
    <subfield code="7">0</subfield>
    <subfield code="9">18484</subfield>
    <subfield code="a">LBB</subfield>
    <subfield code="b">LBB</subfield>
    <subfield code="c">B165</subfield>
    <subfield code="d">2015-11-30</subfield>
    <subfield code="o">FIS SAY 1997 B165 Or.8</subfield>
    <subfield code="p">RUA011588</subfield>
    <subfield code="r">2015-11-30</subfield>
    <subfield code="w">2015-11-30</subfield>
    <subfield code="y">FIS</subfield>
  </datafield>
  <datafield tag="952" ind1=" " ind2=" ">
    <subfield code="0">0</subfield>
    <subfield code="1">0</subfield>
    <subfield code="2">ddc</subfield>
    <subfield code="4">0</subfield>
    <subfield code="6">FIS_SAY_1997_000000000000000_B165_OR_9</subfield>
    <subfield code="7">0</subfield>
    <subfield code="9">18485</subfield>
    <subfield code="a">LBB</subfield>
    <subfield code="b">LBB</subfield>
    <subfield code="c">B165</subfield>
    <subfield code="d">2015-11-30</subfield>
    <subfield code="o">FIS SAY 1997 B165 Or.9</subfield>
    <subfield code="p">RUA011732</subfield>
    <subfield code="r">2015-11-30</subfield>
    <subfield code="w">2015-11-30</subfield>
    <subfield code="y">FIS</subfield>
  </datafield>
  <datafield tag="952" ind1=" " ind2=" ">
    <subfield code="0">0</subfield>
    <subfield code="1">0</subfield>
    <subfield code="2">ddc</subfield>
    <subfield code="4">0</subfield>
    <subfield code="6">FIS_SAY_1997_000000000000000_B165_OR_10</subfield>
    <subfield code="7">0</subfield>
    <subfield code="9">18486</subfield>
    <subfield code="a">LBB</subfield>
    <subfield code="b">LBB</subfield>
    <subfield code="c">B165</subfield>
    <subfield code="d">2015-11-30</subfield>
    <subfield code="o">FIS SAY 1997 B165 Or.10</subfield>
    <subfield code="p">RUA011501</subfield>
    <subfield code="r">2015-11-30</subfield>
    <subfield code="w">2015-11-30</subfield>
    <subfield code="y">FIS</subfield>
  </datafield>
  <datafield tag="952" ind1=" " ind2=" ">
    <subfield code="0">0</subfield>
    <subfield code="1">0</subfield>
    <subfield code="2">ddc</subfield>
    <subfield code="4">0</subfield>
    <subfield code="6">FIS_SAY_1997_000000000000000_B165_OR_11</subfield>
    <subfield code="7">0</subfield>
    <subfield code="9">18487</subfield>
    <subfield code="a">LBB</subfield>
    <subfield code="b">LBB</subfield>
    <subfield code="c">B165</subfield>
    <subfield code="d">2015-11-30</subfield>
    <subfield code="o">FIS SAY 1997 B165 Or.11</subfield>
    <subfield code="p">RUA011507</subfield>
    <subfield code="r">2015-11-30</subfield>
    <subfield code="w">2015-11-30</subfield>
    <subfield code="y">FIS</subfield>
  </datafield>
  <datafield tag="952" ind1=" " ind2=" ">
    <subfield code="0">0</subfield>
    <subfield code="1">0</subfield>
    <subfield code="2">ddc</subfield>
    <subfield code="4">0</subfield>
    <subfield code="6">FIS_SAY_1997_000000000000000_B165_OR_12</subfield>
    <subfield code="7">0</subfield>
    <subfield code="9">18488</subfield>
    <subfield code="a">LBB</subfield>
    <subfield code="b">LBB</subfield>
    <subfield code="c">B165</subfield>
    <subfield code="d">2015-11-30</subfield>
    <subfield code="o">FIS SAY 1997 B165 Or.12</subfield>
    <subfield code="p">RUA011641</subfield>
    <subfield code="r">2015-11-30</subfield>
    <subfield code="w">2015-11-30</subfield>
    <subfield code="y">FIS</subfield>
  </datafield>
</record>
